| 000 | 00755cam a2200241 a 4500 | ||
|---|---|---|---|
| 001 | 000004018 | ||
| 005 | 20200929150652.0 | ||
| 008 | 960812s1997 mx 000 1 spa | ||
| 020 | _a0553060821 | ||
| 040 |
_aDO-SdBNP _bspa _cBNPHU |
||
| 041 | 1 | 7 |
_aspa _heng |
| 082 |
_a813.54 _bS813r |
||
| 100 | 1 |
_aSteel, Danielle _912024 |
|
| 240 | 1 | 0 |
_aThe ranch _lEspañol |
| 245 | 1 | 3 |
_aEl rancho / _cDanielle Steel ; traductor, Gemma Moral Bartolomé. |
| 260 |
_aMéxico, D. F. : _bPlaza & Janés, _c1997. |
||
| 300 |
_a356 p. ; _c21 cm. |
||
| 534 |
_aTítulo original: _tThe ranch |
||
| 650 | 4 |
_aNovela estadounidense _9262 |
|
| 650 | 4 |
_aLiteratura estadounidense _9263 |
|
| 700 | 1 |
_aMoral Bartolomé, Gemma, _etr. _911888 |
|
| 910 | _aCatalogación por copia / LC | ||
| 999 |
_c3837 _d3837 |
||